000
00287nam a22001337a 4500
008
180914b xxu||||| |||| 00| 0 eng d
020
_a
9780060914790
041
_a
eng
080
_a
371
100
_a
48
101
_a
EDU
245
_a
On Writing Well
_c
Zinser.W
942
_2
udc
_c
BK
999
_c
47752
_d
47752